Statistics for Guitar Chords

Click here to take the quiz!

General Stats

  • This quiz has been taken 137 times
  • The average score is 7 of 14

Answer Stats

HintAnswer% Correct
0-2-2-1-0-0E
100%
3-2-0-0-0-3G
83%
x-3-2-0-1-0C
67%
x-0-2-2-2-0A
59%
x-x-0-2-3-2D
59%
x-2-1-2-0-2B7
55%
x-x-0-2-3-1Dm
47%
x-x-3-2-1-1F
47%
x-2-4-4-3-2Bm
42%
x-0-2-0-2-0A7
40%
x-3-2-3-1-0C7
39%
x-0-2-2-x-xA5
28%
x-x-0-2-3-3Dsus4
27%
x-x-3-2-1-0F maj7
26%

Score Distribution

Percentile by Number Answered

Percent of People with Each Score

Your Score History

You have not taken this quiz